000 00896nam a2200265Ia 4500
003 OSt
005 20220923211429.0
006 a|||||r|||| 00| 0
007 ta
008 220922b |||||||| |||| 00| 0 hin d
020 _a978931467190 (hbk)
_c190
024 _a263,582
037 _bIN-04428, 26/06/2012, Kitab Ghar Prakashan
_cTextual
040 _aARTS
_cARTS
_bhin
041 _2hin
_ahin
082 _aO152,1N59x, Q2
100 _aकात्यायनी
245 0 _aकवि ने कहा
246 _aKavi ne kahā
260 _aनयी दिल्ली
_b किताबघर प्रकाशन
_c2012
300 _a122पृ.
_ccm.
650 _aहिन्दी साहित्य
_9156264
942 _hO152,1N59x, Q2
_cTEXL
_2CC
999 _c299361
_d299361